|
|
|
|
| LEADER |
00000nam2a2200000 4500 |
| 001 |
61284 |
| 005 |
20231101211933.0 |
| 010 |
|
|
|a 5865290096
|
| 035 |
|
|
|a (RuTPU)RU\TPU\book\64865
|
| 035 |
|
|
|a RU\TPU\book\15787
|
| 090 |
|
|
|a 61284
|
| 100 |
|
|
|a 20040310d1993 dе y0rusy50020304ca
|
| 101 |
0 |
|
|a rus
|
| 102 |
|
|
|a RU
|
| 105 |
|
|
|a a f 000zy
|
| 200 |
0 |
|
|a Т. 1: Всемирная история
|
| 210 |
|
|
|d 1993
|
| 215 |
|
|
|a 686 с.
|c цв. ил.
|
| 461 |
|
1 |
|0 (RuTPU)RU\TPU\book\15787
|y 5-89501-001-6
|t Энциклопедия для детей
|f гл. ред. М. Аксенова
|v Т. 1: Всемирная история
|d 1993-
|
| 606 |
1 |
|
|a Энциклопедии
|2 stltpush
|3 (RuTPU)RU\TPU\subj\21381
|9 46387
|
| 606 |
1 |
|
|a Всеобщая история
|2 stltpush
|3 (RuTPU)RU\TPU\subj\3762
|
| 610 |
1 |
|
|a Всемирная история
|
| 610 |
1 |
|
|a первобытный мир
|
| 610 |
1 |
|
|a Древний Восток
|
| 610 |
1 |
|
|a античная история
|
| 610 |
1 |
|
|a средние века
|
| 610 |
1 |
|
|a новое время
|
| 686 |
|
|
|a Т3(2)0я2
|v LBC/SL-A
|2 rubbk
|
| 686 |
|
|
|a Я20
|v LBC/SL-A
|2 rubbk
|
| 801 |
|
0 |
|a RU
|b 63413507
|c 20011209
|g PSBO
|
| 801 |
|
2 |
|a RU
|b 63413507
|c 20230216
|g PSBO
|
| 942 |
|
|
|c BK
|